Biblioteca

Saving your marriage before it starts : (Registro nro. 67890)

Detalles MARC
000 -LÍDER
Campo fijo de descripción fija 01680nam a2200337 i 4500
001 - NÚMERO DE CONTROL
Campo de control 768714001
003 - IDENTIFICADOR DEL NÚMERO DE CONTROL
Campo de control CO-MdFUSB
005 - FECHA Y HORA DE LA ULTIMA TRANSACCIÓN
control field 20220714165207.0
007 - CAMPO FIJO DE DESCRIPCIÓN FIJA--INFORMACIÓN GENERAL
Campo fijo de descripción fija ta
008 - ELEMENTOS DE LONGITUD FIJA -- INFORMACIÓN GENERAL
Campo fijo de descripción fija -- Información general 220519t2006 -us |||| |||| 00| 0 eng d
020 ## - NÚMERO INTERNACIONAL NORMALIZADO PARA LIBROS
Número Internacional Normalizado del libro 9780310259824
040 ## - FUENTE DE CATALOGACIÓN
Agencia de catalogación original CO-MdFUSB
Idioma de catalogación spa
Agencia que realiza la transcripción CO-MdFUSB
Agencia que realiza la modificación CO-MdFUSBC
Convenciones de la descripción rda
041 ## - CÓDIGO DE IDIOMA
Código de idioma para texto/pista de sonido o título separado eng
082 ## - NÚMERO DE CLASIFICACIÓN DECIMAL DEWEY
Número de la edición del Dewey 23
Número de clasificación 646.78
Clave de autor-Numero de item P263
100 ## - ASIENTO PRINCIPAL--NOMBRE PERSONAL
Nombre personal Parrott, Les.
Término relacionador autor
245 ## - TÍTULO
Título del Material Saving your marriage before it starts :
Parte restante del título - Subtitulo seven questions to ask before--and after-- you marry
Mención de responsabilidad, etc. / Les Parrott , Leslie Parrott
264 #1 - PRODUCCIÓN, PUBLICACIÓN, DISTRIBUCIÓN, MANUFACTURA, Y COPYRIGHT
Lugar de producción, publicación, distribución, manufactura Grand Rapids, Mich. :
Nombre del productor, publicador, distribuidor Zondervan,
Fecha de producción, publicación, distribución, manufactura, o copyright [2006]
264 #4 - PRODUCCIÓN, PUBLICACIÓN, DISTRIBUCIÓN, MANUFACTURA, Y COPYRIGHT
Fecha de producción, publicación, distribución, manufactura, o copyright © 2006
300 ## - DESCRIPCIÓN FÍSICA
Extensión 161 páginas
Dimensiones ; 24 cm
336 ## - TIPO DE CONTENIDO
Fuente rdacontent
Término de tipo de contenido texto
Código de tipo de contenido txt
337 ## - TIPO DE MEDIO
Fuente rdamedia
Nombre del tipo de medio sin mediación
Código del tipo de medio n
338 ## - TIPO DE SOPORTE
Fuente rdacarrier
Nombre del tipo de soporte volumen
Código Tipo de soporte nc
505 ## - NOTA DE CONTENIDO
Nota de contenido con formato preestablecido Antes de comenzar -- Pregunta 1: ¿Ha enfrentado los mitos del matrimonio con honestidad? -- Pregunta 2: ¿Puedes identificar tu estilo de amor? -- Pregunta 3: ¿Ha desarrollado el hábito de la felicidad? -- Pregunta 4: ¿Puedes decir lo que quieres decir y entender lo que escuchas? -- Pregunta 5: ¿Ha cerrado la brecha de género? -- Pregunta 6: ¿Sabes pelear una buena pelea? -- Pregunta 7: ¿Usted y su pareja son almas gemelas?
520 ## - NOTA DE RESUMEN, ETC.
Nota de sumario, etc. Proporciona un curso de consejería prematrimonial auto guiado que presenta siete preguntas que debe hacerse antes y después de casarse y ofrece sugerencias para lograr intimidad espiritual y mejorar su relación. Cada capítulo incluye preguntas para la reflexión.
563 ## - NOTA DE ENCUADERNACIÓN
Nota de encuadernación Pasta dura
650 #7 - ASIENTO SECUNDARIO DE MATERIA - TERMINO TEMÁTICO
9 (RLIN) 300
Término temático o nombre geográfico como elemento de entrada Matrimonio
700 ## - ASIENTO SECUNDARIO - NOMBRE PERSONAL
9 (RLIN) 2822
Nombre personal Parrott, Leslie.
Responsabilidad autor
942 ## - TIPO DE MATERIAL (KOHA)
Tipo de Item KOHA Libros General
945 ## - INFORMACIÓN LOCAL DEL REGISTRO
Catalogador JTF-925
Existencias
Estado de Material Estado de Perdido Forma de Clasificación Estado de Dañado No para Préstamo Colección Biblioteca de Origen Biblioteca Permanente Fecha de Adquisición Área Total de Préstamos Signatura Topográfica Código de Barras Última vez visto Ejemplar/Existencia Fecha de Remplazo Tipo de Material
    Dewey Decimal Classification     Colección General Biblioteca FUSBC Biblioteca FUSBC 19/05/2022 VIDA CRISTIANA   G 646.78 P263s 24780 24/08/2022 Ej. 1 19/05/2022 Libros General

Biblioteca FUSBC | Teléfono: (57+4) 349 88 10 Ext. 141| WhatsApp (+57) 3005338115 
E-mail: biblioteca@unisbc.edu.co | Calle 76 87-14 Robledo Palenque, Medellín, Colombia

Con tecnología Koha